| 000 | 01217nam a2200145Ia 4500 | ||
|---|---|---|---|
| 001 | 19751 | ||
| 003 | GE_BSU | ||
| 008 | 181216s||||||||xx |||||||||||||| ||und|| | ||
| 040 | _cGE_BSU | ||
| 245 | _aსაქართველოს უზენაესი სასამართლოს გადაწყვეტილებანი:ადმინისტრაციულ საქმეებზე. 10. უცხო ქვეყნის სამართლო გადაწყვეტილებების საქართველოს ტერიტორიაზე ცნობა და აღსრულება. 2016 | ||
| 653 | _aპერიოდიკა | ||
| 653 | _aსამართალი | ||
| 653 | _aსაქართველოს უზენაესი სასამართლოს გადაწყვეტილებანი:ადმინისტრაციულ საქმეებზე. 10. უცხო ქვეყნის სამართლო გადაწყვეტილებების საქართველოს ტერიტორიაზე ცნობა და აღსრულება. 2016 | ||
| 942 | _cCR | ||
| 999 |
_c52725 _d52725 |
||